Soil stabilization for pavements (Record no. 605892)
[ view plain ]
| 000 -LEADER | |
|---|---|
| fixed length control field | 00366nam a2200133Ia 4500 |
| 008 - FIXED-LENGTH DATA ELEMENTS--GENERAL INFORMATION | |
| fixed length control field | 231017s9999 xx 000 0 und d |
| 082 ## - DEWEY DECIMAL CLASSIFICATION NUMBER | |
| Classification number | 625.708 |
| 082 ## - DEWEY DECIMAL CLASSIFICATION NUMBER | |
| Author Mark | SOL |
| 245 #0 - TITLE STATEMENT | |
| Title | Soil stabilization for pavements |
| 245 #0 - TITLE STATEMENT | |
| Statement of responsibility, etc. | "Department of the Army, Navy and Air Force" |
| 260 ## - PUBLICATION, DISTRIBUTION, ETC. | |
| Name of publisher, distributor, etc. | "Department of the Army, Navy and Air Force" |
| 300 ## - PHYSICAL DESCRIPTION | |
| Dimensions | 30cm |
| 942 ## - ADDED ENTRY ELEMENTS (KOHA) | |
| Koha item type | Report |
| Withdrawn status | Lost status | Damaged status | Not for loan | Permanent Location | Current Location | Date acquired | Total Checkouts | Full call number | Barcode | Date last seen | Price effective from | Koha item type |
|---|---|---|---|---|---|---|---|---|---|---|---|---|
| School of Civil and Environmental Engineering (SCEE) | School of Civil and Environmental Engineering (SCEE) | 10/17/2023 | 625.708 SOL | NIT-6920 | 10/17/2023 | 10/17/2023 | Report |
